LEADER 01169nam a2200217 4500 001 000000352103 003 CaOOAMICUS 005 20221103124409.0 008 221103s1844 it 000 u ita r 040 $aSeMil$bita 110 21$aFiglie del Sacro Cuore di Gesł.$0(OLS)http://semarc/name/25800 245 10$aDei doveri delle Figlie del Sacro Cuore e dello spirito della loro religiosa istituzione. 264 1$aBrescia :$bTip. Vescovile del Pio Istituto,$c1844. 300 $a2 v. ;$c19 cm 650 4$aFiglie del Sacro Cuore di Gesł - Regole e costituzioni.$0(OLS)http://semarc/subject/33636 650 4$aFiglie del Sacro Cuore di Gesł.$0(OLS)http://semarc/subject/2290 774 0 $aFiglie del Sacro Cuore di Gesł$t[1].$dBrescia : Tip. Vescovile del Pio Istituto, 1844.$w()352104 774 0 $aFiglie del Sacro Cuore di Gesł$t[2].$dBrescia : Tip. Vescovile del Pio Istituto, 1844.$w()352105 996 $6245$aDei doveri delle Figlie del Sacro Cuore e dello spirito della loro religiosa istituzione$9(OLS)http://semarc/title/441889 996 $6264$aBrescia :$bTip. Vescovile del Pio Istituto$9(OLS)http://semarc/publisher/38194 LEADER 01176nam a2200229 4500 001 000000339588 003 CaOOAMICUS 005 20250211110702.0 008 200225s2020 it 000 u ita r 040 $aSeMil$bita 100 1 $aTavassi, Marina Anna.$0(OLS)http://semarc/name/111040 245 10$aRelazione sull'Amministrazione della giustizia nel Distretto della Corte di Appello di Milano :$bassemblea generale, Milano, 1 febbraio 2020 /$cMarina Anna Tavassi, Procuratore Generale presso la Corte di Appello di Milano. 264 1$aMilano :$b[s.n.],$c2020. 300 $a127 p. ;$c30 cm 650 4$aMilano - Distretto della Corte d'appello - Giustizia - Relazioni.$0(OLS)http://semarc/subject/57112 850 $aSeMil 852 $aSeMil$W1$xVenegono$y1$m3O VI 312$j254414$B232785$CSeMilBibl$Z2$F232785 $81 941 1 $a7 961 $aOmaggio mons. Mario Delpini 996 $6245$aRelazione sull'Amministrazione della giustizia nel Distretto della Corte di Appello di Milano :$bassemblea generale, Milano, 1 febbraio 2020$9(OLS)http://semarc/title/428400 996 $6264$aMilano :$b[s.n.]$9(OLS)http://semarc/publisher/29709